00390 2200157 4500245004300000020001800043250001100061100001700072650001700089005001900106260003700125041001400162084001300176300003400189336000900223 aPoor Prince Vol. 8cMorinaga, AlhText a979-9374-78-2 aCet. 1 aMorinaga, Al aKomik Jepang a20230907101122 aJakartabIndorestu Pacificc2003 aIndonesia a741.5592 a... jil. :bilus. ;c17,5 cm. atext